|
|
|
|
| LEADER |
01737nam a2200445 a 4500 |
| 001 |
000667100 |
| 003 |
CZ BrMZK |
| 005 |
20050609122429.0 |
| 007 |
ta |
| 008 |
030422s2003 xr ac f 000 dcze d |
| 015 |
|
|
|a cnb001249310
|
| 020 |
|
|
|a 80-243-1164-X
|q (váz.)
|
| 035 |
|
|
|a (OCoLC)53264536
|
| 040 |
|
|
|a BOA001
|b cze
|
| 043 |
|
|
|a e-xr---
|b e-xr-ka
|2 czenas
|
| 072 |
|
7 |
|a 323
|x Vnitropolitický vývoj, politický život
|2 Konspekt
|9 15
|
| 080 |
|
|
|a 323.28-051
|2 MRF
|
| 080 |
|
|
|a 343.819
|2 MRF
|
| 080 |
|
|
|a 343.819.5
|2 MRF
|
| 080 |
|
|
|a 343.81
|2 MRF
|
| 080 |
|
|
|a 323.28:329.15
|2 MRF
|
| 080 |
|
|
|a (437.318)
|2 MRF
|
| 080 |
|
|
|a (0:82-96)
|2 MRF
|
| 100 |
1 |
|
|a Šedivý, Zdeněk F.,
|d 1923-2006
|7 jn19990201047
|4 aut
|
| 245 |
1 |
0 |
|a Uranový gulag :
|b Jáchymovské peklo /
|c Zdeněk F. Šedivý
|
| 250 |
|
|
|a Vyd. 1.
|
| 260 |
|
|
|a Brno :
|b MOBA,
|c c2003
|
| 300 |
|
|
|a 223 s. :
|b il., portréty ;
|c 21 cm
|
| 504 |
|
|
|a Obsahuje bibliografii
|
| 650 |
0 |
7 |
|a političtí vězni
|7 ph124262
|z Československo
|y 1948-1968
|2 czenas
|
| 650 |
0 |
7 |
|a pracovní tábory
|7 ph115874
|z Československo
|y 1948-1968
|2 czenas
|
| 650 |
0 |
7 |
|a koncentrační tábory
|7 ph121782
|z Československo
|y 1948-1968
|2 czenas
|
| 650 |
0 |
7 |
|a věznice
|7 ph127394
|z Československo
|y 1948-1968
|2 czenas
|
| 650 |
0 |
7 |
|a zločiny komunismu
|7 ph139150
|z Československo
|2 czenas
|
| 655 |
|
7 |
|a literatura faktu
|7 fd132773
|2 czenas
|
| 651 |
|
7 |
|a Jáchymov (Karlovy Vary, Česko : oblast)
|7 ge134253
|2 czenas
|
| 856 |
4 |
1 |
|u http://www.digitalniknihovna.cz/mzk/uuid/uuid:4fa933e0-1094-11e3-beb8-005056827e51
|y Digitalizovaný dokument
|x NDK
|
| 910 |
|
|
|a BOA001
|b 2-1116.848
|
| 990 |
|
|
|a BK
|
| 996 |
6 |
|
|b 2610187614
|c 2-1116.848
|l MZK
|r Sklad / do 1 hodiny
|n 1
|p p.v.
|w 000667100
|u 000010
|a 1
|e BOA001
|j MZK50
|s P
|